• AIU
  • Tony Wilmot Memorial Library
Normal view MARC view

Entry Topical Term

Number of records used in: 1

001 - CONTROL NUMBER

  • control field: 56293

003 - CONTROL NUMBER IDENTIFIER

  • control field: OSt

005 - DATE AND TIME OF LATEST TRANSACTION

  • control field: 20240528154522.0

008 - FIXED-LENGTH DATA ELEMENTS

  • fixed length control field: 240528|| aca||aabn | a|a d

040 ## - CATALOGING SOURCE

  • Original cataloging agency: OSt
  • Transcribing agency: OSt

600 ## -

  • : Google+ (Electronic resource.)

670 ## - SOURCE DATA FOUND

  • Source citation: Work cat.: (OSt)67949: Gilder, George F., 1939- author. 56283, Life after Google :, c2018.